عرض عادي
عرض مارك
- حمودي، عاصم صابر راشد
مدخل إسم شخص
001 - رقم الضبط
- حقل الضبط: 36851
003 - معرف رقم الضبط
- حقل الضبط: OSt
005 - تاريخ ووقت أخر عملية
- حقل الضبط: 20130905104841.0
008 - عناصر بيانات ثابتة الطول
- حقل تحكم ثابت الطول: 130905|||a|||||| | ||| d
040 ## - مصدر الفهرسة
- هيئة الفهرسة الأصلية: OSt
- وكالة الكتابة: OSt
100 ## - مدخل -- أسم شخص
- إسم شخص: حمودي، عاصم صابر راشد
670 ## - بيانات المصدر موجوده
- الاستشهاد بالمصدر: Work cat.: (OSt): حمودي، عاصم صابر راشد , تنمية المهارات الحركية والفنية للأطفال / , 2012
